| 000 | 00745nam a2200241 i 4500 | ||
|---|---|---|---|
| 001 | bg | ||
| 245 | 0 | 0 |
_aSadownictwo : _bpodręcznik dla uczniów techników ogrodniczych / _coprac. zespół Alojzy Czynczyk [et al.]. |
| 250 | _aWyd. 2. | ||
| 260 |
_aWarszawa : _bHortpress, _c2002. |
||
| 300 |
_a612 s., [16] s. tabl. : _bil. (w tym kolor.) ; _c21 cm. |
||
| 650 | 9 | _aSadownictwo | |
| 655 | _aPodręczniki dla szkół zawodowych | ||
| 700 | 1 | _aCzynczyk, Alojzy. | |
| 020 | _a838921105X | ||
| 040 | _cBPK | ||
| 041 | _apol | ||
| 044 | _aPOL | ||
| 080 | _a634(075.3) | ||
| 920 | _a83-89211-05-X | ||
| 942 | _cKS | ||
| 008 | s pl f |000 0 pol | ||
| 999 |
_c55797 _d55797 |
||
| 856 |
_uhttp://koha.tu.koszalin.pl/cgi-bin/koha/opac-detail.pl?biblionumber=55797 _yKatalog online BPK |
||